000 00719cam a2200241 a 4500
001 000005264
005 20200929151627.0
008 900503s1993 sp 001 p spa
020 _a8437608791
040 _aDO-SdBNP
_bspa
_cBNPHU
082 _a861.6
_bG463v, 1993
100 1 _aGil de Biedma, Jaime,
_d1929-1990
_914094
245 1 0 _aVolver /
_cJaime Gil de Biedma ; edición, Dionisio Cañas.
250 _a5a ed.
260 _aMadrid :
_bCátedra,
_c1993.
300 _a151 p. ;
_c18 cm.
440 0 _aLetras hispánicas ;
_v310
_94208
650 4 _aPoesía española
_9631
650 4 _aLiteratura española
_9632
700 1 _aCañas, Dionisio,
_eed.
_915015
910 _aCatalogación derivada
910 _aWM
999 _c5065
_d5065